आबा भटजी (Record no. 413646)

MARC details
000 -LEADER
fixed length control field 00426nam a2200145Ia 4500
008 - FIXED-LENGTH DATA ELEMENTS--GENERAL INFORMATION
fixed length control field 100122s9999 xx 000 0 und d
082 ## - DEWEY DECIMAL CLASSIFICATION NUMBER
Item number 27641
Classification number 823
100 ## - MAIN ENTRY--PERSONAL NAME
Personal name कुलकर्णी वि र
245 ## - TITLE STATEMENT
Title आबा भटजी
260 ## - PUBLICATION, DISTRIBUTION, ETC. (IMPRINT)
Name of publisher, distributor, etc अनुपम प्रकाशन केंद्र
Date of publication, distribution, etc 1905
300 ## - PHYSICAL DESCRIPTION
Extent 112
630 ## - SUBJECT ADDED ENTRY--UNIFORM TITLE
Uniform title आबा भटजी
730 ## - ADDED ENTRY--UNIFORM TITLE
Uniform title आबा भटजी
942 ## - ADDED ENTRY ELEMENTS (KOHA)
Koha item type Book
Holdings
Withdrawn status Lost status Damaged status Not for loan Home library Current library Date acquired Cost, normal purchase price Total Checkouts Full call number Barcode Date last seen Cost, replacement price Price effective from Koha item type Public note
        S.V. Pathak Library, Vile Parle S.V. Pathak Library, Vile Parle 03/01/1979 0.00   27641 SVPPARLE-27641 01/25/2010 0.00 01/25/2010 Book NA